LEADER 01236nam a2200277 i 4500 001 991004057589707536 008 081124s2001 xxk 0 eng d 020 $a0471499226 035 $ab13793172-39ule_inst 040 $aSet. Economia - SAGA$bita 082 04$a332.0151 100 1 $aJackson, Mary$0148908 245 10$aAdvanced modelling in finance using Excel and VBA /$cMary Jackson and Mike Staunton 260 $aChichester :$bWiley,$cc2001 300 $ax, 263 p. ;$c25 cm. +$e1 CD-ROM ;$c12 cm 440 0$aWiley finance series 650 04$aFinanza$xModelli matematici 650 04$aMicroelaboratori elettronici$xProgrammi$xExcel$xImpiego in finanza 650 04$aMicroelaboratori elettronici$xProgrammazione$xLinguaggio Visual Basic$xImpiego in finanza 700 1 $aStaunton, Mike$eauthor$4http://id.loc.gov/vocabulary/relators/aut$0148909 907 $a.b13793172$b28-01-14$c24-11-08 912 $a991004057589707536 945 $aLE025 ECO 332 JAC01.01$g1$i2025000223363$lle025$nLibro di testo a.a. 2008/2009$o-$pE74.42$q-$rl$s- $t0$u1$v6$w1$x0$y.i14929648$z12-02-09 996 $aAdvanced modelling in finance using excel and VBA$9513276 997 $aUNISALENTO 998 $ale025$b24-11-08$cm$da $e-$feng$gxxk$h0$i0 LEADER 01143nam a2200265 i 4500 001 991000941009707536 008 050401s1997 enka bf 001 0 eng d 020 $a0947817964 035 $ab13296334-39ule_inst 040 $aDip.to Ingegneria dell'Innovazione$beng 082 0 $a624.1779 245 04$aThe handbook of sandwich construction /$ceditor, D. Zenkert 260 $aCradley Heath, West Midlands :$bEngineering Materials Advisory Services,$cc1997 300 $aviii, 442 p. :$bill. ;$c25 cm 440 0$aNorth European Engineering and Science Conference series 500 $aAt head of title: Nordic Industrial Fund 504 $aIncludes bibliographical references and index 650 4$aSandwich construction$vHandbooks, manuals, etc. 700 1 $aZenkert, Dan 907 $a.b13296334$b21-09-06$c01-04-05 912 $a991000941009707536 945 $aLE026 HAN 1997 ZEN 01.01 $g1$i2026000014890$lle026$nProf. La Tegola / Biblioteca$op$pE148.78$q-$rn$s- $t1$u2$v0$w2$x0$y.i14042435$z01-04-05 996 $aHandbook of sandwich construction$91104550 997 $aUNISALENTO 998 $ale026$b01-04-05$cm$da $e-$feng$genk$h4$i0 LEADER 04688nam 22006255 450 001 9910255053803321 005 20250901152941.0 010 $a3-319-60348-5 024 7 $a10.1007/978-3-319-60348-3 035 $a(PPN)288076338 035 $a(CKB)3710000001632742 035 $a(MiAaPQ)EBC4935673 035 $a(DE-He213)978-3-319-60348-3 035 $a(EXLCZ)993710000001632742 100 $a20170802d2017 u| 0 101 0 $aeng 135 $aurcnu|||||||| 181 $2rdacontent 182 $2rdamedia 183 $2rdacarrier 200 10$aBuilding Digital Government Strategies $ePrinciples and Practices /$fby Rodrigo Sandoval-Almazán, Luis F. Luna-Reyes, Dolores E. Luna-Reyes, J. Ramon Gil-Garcia, Gabriel Puron-Cid, Sergio Picazo-Vela 205 $a1st ed. 2017. 210 1$aCham :$cSpringer International Publishing :$cImprint: Springer,$d2017. 215 $a1 online resource (123 pages) 225 1 $aPublic Administration and Information Technology,$x2512-1812 ;$v16 311 08$a3-319-60347-7 327 $aDeveloping a Digital Government Strategy for Creating Public Value -- Conceptualizing and planning a Digital Government Project -- Financing Digital Government Innovation -- Building Collaboration Networks -- Managing Digital Government projects -- Opening Government: Open Data and Projects -- Fostering Citizen Engagement. 330 $aThis book provides key strategic principles and best practices to guide the design and implementation of digital government strategies. It provides a series of recommendations and findings to think about IT applications in government as a platform for information, services and collaboration, and strategies to avoid identified pitfalls. Digital government research suggests that information technologies have the potential to generate immense public value and transform the relationships between governments, citizens, businesses and other stakeholders. However, developing innovative and high impact solutions for citizens hinges on the development of strategic institutional, organizational and technical capabilities. Thus far, particular characteristics and problems of the public sector organization promote the development of poorly integrated and difficult to maintain applications. For example, governments maintain separate applications for open data, transparency, and public services, leading to duplication of efforts and a waste of resources. The costs associated with maintaining such sets of poorly integrated systems may limit the use of resources to future projects and innovation. This book provides best practices and recommendations based on extensive research in both Mexico and the United States on how governments can develop a digital government strategy for creating public value, how to finance digital innovation in the public sector, how to building successful collaboration networks and foster citizen engagement, and how to correctly implement open government projects and open data. It will be of interest to researchers, practitioners, students, and public sector IT professionals that work in the design and implementation of technology-based projects and programs. 410 0$aPublic Administration and Information Technology,$x2512-1812 ;$v16 606 $aPublic administration 606 $aCommunication in politics 606 $aPublic policy 606 $aPublic Administration$3https://scigraph.springernature.com/ontologies/product-market-codes/W34030 606 $aPolitical Communication$3https://scigraph.springernature.com/ontologies/product-market-codes/911030 606 $aPublic Policy$3https://scigraph.springernature.com/ontologies/product-market-codes/911060 615 0$aPublic administration. 615 0$aCommunication in politics. 615 0$aPublic policy. 615 14$aPublic Administration. 615 24$aPolitical Communication. 615 24$aPublic Policy. 676 $a001.30285 700 $aSandoval-Almaza?n$b Rodrigo$4aut$4http://id.loc.gov/vocabulary/relators/aut$00 702 $aLuna-Reyes$b Luis F$4aut$4http://id.loc.gov/vocabulary/relators/aut 702 $aLuna Reyes$b Dolores E.$4aut$4http://id.loc.gov/vocabulary/relators/aut 702 $aGil-Garcia$b J. Ramon$4aut$4http://id.loc.gov/vocabulary/relators/aut 702 $aPuro?n Cid$b Gabriel$4aut$4http://id.loc.gov/vocabulary/relators/aut 702 $aPicazo-Vela$b Sergio$4aut$4http://id.loc.gov/vocabulary/relators/aut 801 0$bMiAaPQ 801 1$bMiAaPQ 801 2$bMiAaPQ 906 $aBOOK 912 $a9910255053803321 996 $aBuilding Digital Government Strategies$92088423 997 $aUNINA